00686 2200253 4500001002100000005001700021008004100038020001800079035002500097040001200122082001200134090001900146100001800165245004900183250001800232260003400250300003600284500001100320500002700331650003200358850001200390990001500402990001500417YOGYA-0209000003013220150610133745.0 ind  a979-533-105-1 a0010-020900000030132 aYOPDYOG a001.642 a001.642bRoh G aROHMAN, Ijang aGrafik pascal dan animasinyac/ Ijang Rohman aEd. 1, cet. 1 aYogyakartabAndi offsetc1992 avi, 122 hlm. :bilus. ;c23 cm. aIndeks aBibliografi : hlm. 119 aPascal (bahasa pemrograman) aYOPDYOG a49328-P/94 a49329-P/94